000 00784nam a2200253 a 4500
001 25727
003 CO-ViMGA
008 141112s2004 ck r 000 u spa d
020 _a9789586957175
040 _aCO-ViMGA
_bspa
_cCO-ViMGA
041 _aSPA
082 0 4 _a333.716 B36
245 1 0 _aBiodiversidad, conservación y desarrollo /
_ccompiladores Juan Armando Sánchez y Santiago Madriñán
250 _a1a ed.
260 _aBogotá :
_bUniversidad de Los Andes,
_c2013
300 _a462 p.
490 _aCiclo Básico
500 _aIncluye índice
650 1 4 _aCONSERVACION DEL MEDIO AMBIENTE
_915361
650 1 4 _aDIVERSIDAD BIOLOGICA
_912640
650 1 4 _aGESTION AMBIENTAL
_911011
700 1 _aSánchez, Juan Armando Madriñán, Santiago
_939689
942 _2ddc
_cBK
999 _c5294
_d5294